| 000 | 00594cam a2200217ua 4500 | ||
|---|---|---|---|
| 001 | 2066 | ||
| 008 | 110812n ii |||gr||||Z||||||eng | ||
| 040 | _cMAIN | ||
| 082 | _a379.54 | ||
| 100 |
_aKhanna, S. D., _eAuthor. |
||
| 245 | 1 |
_aKothari commission report an evaluation _cby S. D. Khanna |
|
| 250 | _a1st. | ||
| 260 |
_aDelhi: _bDoaba House., _c2002. |
||
| 300 |
_avi; 146p: _c23cm. |
||
| 653 | _aEducation | ||
| 653 | _aKothari commission report an evaluation | ||
| 700 |
_aSaxena, V. K., _eAuthor. |
||
| 700 |
_aLamba, T. P., _eAuthor. |
||
| 700 |
_aMurthy, V., _eAuthor. |
||
| 942 | _cBK | ||
| 999 |
_c1937 _d1937 |
||